| 000 | 00905nam 22002773 4500 | ||
|---|---|---|---|
| 001 | 182049 | ||
| 010 | _a978-989-8942-26-5 | ||
| 021 |
_aPT _b443201/18 |
||
| 090 | _a182049 | ||
| 100 | _a20230523d u||y0pory50 ba | ||
| 101 | _apor | ||
| 200 |
_aLeonardo da Vinci _fJavier Alonso _gilustrações de Ángel Coronado e Oriol Roca ; Revisão linguística de Maria João Teles Grilo |
||
| 210 |
_a[S.l.] _cAtlântico Press _dcop. 2018 |
||
| 215 |
_a[32] p. _cil.; encadernado _d25 cm |
||
| 225 | _aOs meus pequenos heróis | ||
| 606 |
_92477 _aPintura _xPintores |
||
| 606 |
_9235 _aLiteratura infantil |
||
| 610 | _aLeonard da Vinci | ||
| 675 |
_a75 _vPT _zpor |
||
| 675 |
_a087.5/ALO/LEO _vPT _zpor |
||
| 700 |
_915694 _aAlonso _bJavier |
||
| 702 |
_915695 _aCoronado _bÁngel |
||
| 702 |
_915696 _aRoca _bOriol |
||
| 801 |
_aPT _bBMMN _gRPC |
||
| 830 |
_cIsabel e Carlos Pinto _j13-01-2026 _fCarlos Pinto |
||
| 990 | _cLIVROS | ||